[Event "World Blitz 2015"]
[Site "Berlin GER"]
[Date "2015.10.14"]
[Round "17.7"]
[White "Ivanchuk,V"]
[Black "Zhigalko,S"]
[Result "1-0"]
[WhiteElo "2726"]
[BlackElo "2656"]

1.e4 c5 2.g3 Nc6 3.Bg2 g6 4.d3 Bg7 5.f4 e6 6.Nf3 Nge7 7.c3 d5 8.Na3 O-O 9.O-O Rb8
10.e5 b5 11.Nc2 d4 12.cxd4 cxd4 13.Bd2 a5 14.Rc1 Qb6 15.Be1 Nf5 16.Bf2 Rd8
17.Qe2 b4 18.Ng5 Bb7 19.Ne4 a4 20.g4 Nfe7 21.Bg3 Ba6 22.Nf6+ Kh8 23.Ne1 b3
24.a3 Qb5 25.Rc4 Na5 26.Rc7 Nac6 27.Bxc6 Nxc6 28.Rxf7 Rb7 29.Rxb7 Bxb7 30.Nf3 Ne7
31.Ng5 Rf8 32.Nxe6 Rf7 33.Nd8 Rf8 34.Nxb7 Qxb7 35.Qe4 Qa6 36.f5 gxf5 37.gxf5 Qb5
38.Nh5 Bh6 39.f6 Ng6 40.Rf5 Qc5 41.e6 Qc1+ 42.Rf1 Be3+ 43.Kg2 Qxb2+ 44.Kh3 Qe2
45.Rf5 Rg8 46.f7 Nf4+ 47.Nxf4 Qg4+ 48.Kg2 Rc8 49.Qe5+ Qg7 50.f8=Q+  1-0

[Event "World Blitz 2015"]
[Site "Berlin GER"]
[Date "2015.10.14"]
[Round "21.2"]
[White "Ivanchuk,V"]
[Black "Kramnik,V"]
[Result "1/2-1/2"]
[WhiteElo "2726"]
[BlackElo "2777"]

1.d4 Nf6 2.c4 e6 3.Nf3 d5 4.Nc3 Be7 5.Bg5 h6 6.Bh4 O-O 7.e3 Nbd7 8.Rc1 c5
9.dxc5 dxc4 10.Bxc4 Nxc5 11.O-O a6 12.Be2 b5 13.Ne5 Bb7 14.Bf3 Qxd1 15.Rfxd1 Bxf3
16.gxf3 Rfc8 17.b4 Nb7 18.a3 g5 19.Bg3 Bf8 20.Ne2 Rxc1 21.Rxc1 a5 22.Nxf7 axb4
23.axb4 Nd5 24.Ne5 Bxb4 25.e4 Nf6 26.Rb1 Ra4 27.Nd3 Bf8 28.Rxb5 Nd8 29.Be5 Nd7
30.Bc3 Ra3 31.Kg2 Nf7 32.Rb1 Bg7 33.Bxg7 Kxg7 34.Rd1 Nde5 35.Nc5 Rxf3 36.Nxe6+ Kf6
37.Nc7 Rd3 38.Nd5+ Kg7 39.Rxd3 Nxd3 40.Nd4 Nd6 41.f3 Kg6 42.Kg3 h5 43.h3 h4+
44.Kg2 Nc4 45.Ne2 Kg7 46.Nd4 Kg6 47.Kf1 Nce5 48.Ke2 Nc5 49.Ke3 Nc4+ 50.Ke2 Ne5
51.Nf5 Ne6 52.Ke3 Nc4+ 53.Ke2 Ne5 54.Nfe7+ Kf7 55.Nf5 Kg6 56.Kf2 Nd3+ 57.Kg1 Ne1
58.Kf2 Nd3+ 59.Kg1 Ne1 60.f4 gxf4 61.Nxh4+ Kg5 62.Nf5 Nc5 63.Nd6 f3 64.e5 f2+
65.Kxf2 Ned3+ 66.Ke3 Nxe5 67.Kd4 Ned7 68.Ne4+ Nxe4 69.Kxe4 Nf6+ 70.Nxf6 Kxf6
71.h4  1/2-1/2

[Event "IMSA Blitz 2016"]
[Site "Huai'an CHN"]
[Date "2016.02.28"]
[Round "2.2"]
[White "Ivanchuk,V"]
[Black "Tomashevsky,E"]
[Result "1/2-1/2"]
[WhiteElo "2710"]
[BlackElo "2728"]

1.e4 e5 2.Nf3 Nc6 3.Bb5 a6 4.Ba4 Nf6 5.O-O Be7 6.Re1 b5 7.Bb3 O-O 8.c3 d6
9.h3 Nb8 10.d3 Nbd7 11.Nbd2 Bb7 12.Nf1 Re8 13.Ng3 h6 14.Nh2 Bf8 15.f4 exf4
16.Bxf4 Ne5 17.Rf1 d5 18.d4 Ng6 19.e5 Nh7 20.Be3 Bc8 21.Bc2 Be7 22.Rxf7 Kxf7
23.Bxg6+ Kg8 24.Bxe8 Qxe8 25.Qf3 Be6 26.Nf5 Ng5 27.Nxe7+ Qxe7 28.Bxg5 Qxg5
29.Rf1 b4 30.Ng4 bxc3 31.bxc3 Rb8 32.Ne3 c6 33.Qf2 a5 34.Kh2 Qg6 35.Nf5 Bxf5
36.Qxf5 Qxf5 37.Rxf5 Rb2 38.e6 Re2 39.Rf7 Rxe6 40.Rc7 g5 41.a4 Kf8 42.Kg3 Re3+
43.Kg4 Rxc3 44.Kh5 Rc4 45.Kxh6 g4 46.hxg4 Rxd4 47.g5 Rh4+ 48.Kg6 Rxa4 49.Rxc6 Ra1
50.Rc8+ Ke7 51.Kg7 Ra2 52.g6 Rxg2 53.Ra8 Kd6 54.Rxa5 Ke5 55.Kf7 Ke4 56.g7 d4
57.g8=Q Rxg8 58.Kxg8 d3 59.Kf7 d2 60.Ra1 Kd3 61.Ke6 Kc2 62.Kd5 d1=Q+ 63.Rxd1 Kxd1  1/2-1/2

[Event "IMSA Blitz 2016"]
[Site "Huai'an CHN"]
[Date "2016.02.28"]
[Round "4.1"]
[White "Li Chao2"]
[Black "Ivanchuk,V"]
[Result "1-0"]
[WhiteElo "2751"]
[BlackElo "2710"]

1.d4 Nf6 2.c4 e6 3.g3 Nc6 4.Nf3 Bb4+ 5.Bd2 Qe7 6.a3 Bxd2+ 7.Qxd2 d5 8.b3 dxc4
9.bxc4 e5 10.Bg2 e4 11.Ng5 h6 12.Nh3 g5 13.O-O Bf5 14.Kh1 Qd7 15.Ng1 Qxd4
16.Qxd4 Nxd4 17.Nc3 O-O-O 18.Rab1 Rhe8 19.e3 Ne6 20.Rb5 Bg6 21.Nd5 Nd7 22.Ra5 Kb8
23.Rb1 Ndc5 24.Ne2 c6 25.Nf6 Re7 26.Nd4 Nxd4 27.Rxc5 Nb3 28.Rxb3 Rd1+ 29.Bf1 Rxf1+
30.Kg2 Rd1 31.Rxc6 Bf5 32.Nd5 Rd7 33.Rxh6 b6 34.h3 Rc1 35.Rh5 Rxc4 36.Nf6 Rd1
37.Rxg5 Rcc1 38.g4 Be6 39.Rb4 Rg1+  1-0

[Event "IMSA Blitz 2016"]
[Site "Huai'an CHN"]
[Date "2016.02.28"]
[Round "5.8"]
[White "Ivanchuk,V"]
[Black "Mamedov,Rau"]
[Result "1/2-1/2"]
[WhiteElo "2710"]
[BlackElo "2650"]

1.d4 g6 2.e4 Bg7 3.Nc3 d6 4.Be3 a6 5.a4 Nf6 6.Nf3 O-O 7.Be2 b6 8.O-O Bb7
9.Nd2 e5 10.d5 Nbd7 11.Nc4 a5 12.g3 Ba6 13.b3 Nc5 14.f3 Nh5 15.Qd2 f5 16.exf5 gxf5
17.f4 Qe8 18.fxe5 Bxc4 19.Bxc4 Bxe5 20.Rae1 Qg6 21.Bxc5 bxc5 22.Rxe5 dxe5
23.d6+ Kh8 24.dxc7 Nxg3 25.hxg3 Qxg3+ 26.Kh1 Qh3+ 27.Kg1 Qg3+ 28.Kh1 Qh3+
29.Kg1 Qg3+  1/2-1/2

[Event "IMSA Blitz 2016"]
[Site "Huai'an CHN"]
[Date "2016.02.28"]
[Round "7.7"]
[White "Ivanchuk,V"]
[Black "Movsesian,S"]
[Result "1-0"]
[WhiteElo "2710"]
[BlackElo "2653"]

1.e4 c5 2.Nf3 e6 3.b3 d6 4.Bb2 Nc6 5.d4 cxd4 6.Nxd4 Nf6 7.Bd3 Be7 8.O-O O-O
9.c4 a6 10.Nd2 Qc7 11.Rc1 Bd7 12.Kh1 Rac8 13.f4 Qb6 14.Nc2 Rfd8 15.Rf3 Ng4
16.Qe1 Bf6 17.Bxf6 Nxf6 18.Qh4 h6 19.Re1 Be8 20.a3 Nd7 21.Rg3 Kf8 22.Qg4 g6
23.Qh4 h5 24.Rf1 Ne7 25.f5 Ne5 26.f6 Ng8 27.Be2 d5 28.Qf4 dxc4 29.Nxc4 Nxc4
30.Bxc4 Qc7 31.e5 b5 32.Bd3 Rxd3 33.Rxd3 Qxc2 34.Rfd1 Qc5 35.b4 Qc4 36.Rd4 Qe2
37.h3 Rc2 38.R4d2 Rxd2 39.Rxd2 Qe1+ 40.Kh2 h4 41.Rd8 Qg3+ 42.Qxg3 hxg3+ 43.Kxg3 Nh6
44.Kf2 Nf5 45.g4 Nh4 46.g5 Nf5 47.Ra8 Nd4 48.Ke3 Nc2+ 49.Ke4 Nxa3 50.Rxa6 Nc2
51.h4 Nxb4 52.Rd6 Nd5 53.Rd8 b4 54.Rb8 Nc7 55.Rxb4 Bc6+ 56.Kd3 Ke8 57.Rb8+ Kd7
58.Rf8 Bb5+ 59.Ke4 Bc6+ 60.Kd4 Nb5+ 61.Kc5  1-0

[Event "IMSA Blitz 2016"]
[Site "Huai'an CHN"]
[Date "2016.02.28"]
[Round "8.3"]
[White "Wojtaszek,R"]
[Black "Ivanchuk,V"]
[Result "1-0"]
[WhiteElo "2727"]
[BlackElo "2710"]

1.d4 Nf6 2.c4 e5 3.dxe5 Ng4 4.e3 Nxe5 5.Nh3 Bb4+ 6.Bd2 a5 7.Nf4 d6 8.Nc3 O-O
9.Be2 Re8 10.O-O Nbd7 11.Qc2 Nf6 12.Rad1 c6 13.Na4 Bxd2 14.Rxd2 g5 15.Nd3 Bf5
16.Qb3 Ne4 17.Rdd1 Qe7 18.Nxe5 dxe5 19.f3 Nc5 20.Nxc5 Qxc5 21.Qc3 Rad8 22.Rxd8 Rxd8
23.Rd1 Rxd1+ 24.Bxd1 f6 25.Kf2 Be6 26.Be2 f5 27.a3 a4 28.Qb4 Qxb4 29.axb4 f4
30.c5 Bb3 31.Bd3 h6 32.Bf5 Kf7 33.Bc8 Ke7 34.Bxb7 Kd7 35.Ba6 Ke6 36.e4 h5
37.Ke2 Ke7 38.Bb7 Kd7 39.Ba6 Kc7 40.Kd2 Be6 41.Be2 g4 42.g3 h4 43.gxf4 g3
44.hxg3 hxg3 45.Bf1 exf4 46.Kd3 Kd7 47.Kd4 Ke7 48.Ke5 Bc4 49.Bg2  1-0

[Event "IMSA Blitz 2016"]
[Site "Huai'an CHN"]
[Date "2016.02.28"]
[Round "9.6"]
[White "Ivanchuk,V"]
[Black "Harikrishna,P"]
[Result "1/2-1/2"]
[WhiteElo "2710"]
[BlackElo "2753"]

1.e4 e6 2.Qe2 c5 3.g3 Nc6 4.Nf3 g6 5.Bg2 Bg7 6.c3 Nge7 7.d3 e5 8.a3 a5 9.a4 O-O
10.Na3 d5 11.O-O h6 12.exd5 Nxd5 13.Nd2 b6 14.Ndc4 Be6 15.Nb5 Rb8 16.Bd2 Rb7
17.Rad1 Rd7 18.Bc1 Re8 19.Rfe1 Kh7 20.Rd2 f5 21.Rdd1 Bf7 22.Qf1 Re6 23.Qe2 Re8
24.Qf1 Re6 25.Qe2 Re8 26.Qf1  1/2-1/2

[Event "IMSA Blitz 2016"]
[Site "Huai'an CHN"]
[Date "2016.02.28"]
[Round "10.4"]
[White "Fressinet,L"]
[Black "Ivanchuk,V"]
[Result "0-1"]
[WhiteElo "2700"]
[BlackElo "2710"]

1.Nf3 Nf6 2.g3 b5 3.Bg2 Bb7 4.Na3 a6 5.c4 b4 6.Nc2 e6 7.O-O a5 8.d4 g6 9.d5 Bg7
10.Nfd4 exd5 11.Ne3 Nc6 12.cxd5 Nxd4 13.Qxd4 O-O 14.Qd1 Re8 15.a3 c5 16.Nc4 Ba6
17.Qc2 b3 18.Qxb3 Rxe2 19.Bf3 Rb8 20.Qd3 Re8 21.Qc2 d6 22.Rb1 Nd7 23.Bf4 g5
24.Bc1 Bxc4 25.Qxc4 Ne5 26.Qe2 Nxf3+ 27.Qxf3 h6 28.Qg4 Qc8 29.Qh5 Qf5 30.Bf4 Rb6
31.h4 Bf6 32.Rbe1 Reb8 33.Re2 Kg7 34.Rfe1 Qg6 35.Qxg6+ Kxg6 36.hxg5 hxg5
37.Bd2 a4 38.Bc3 Bxc3 39.bxc3 Rb3 40.Re7 Rxc3 41.Rd7 Rb6 42.Ree7 Rf3 43.Re8 Rb2
44.Rxd6+ f6 45.Rde6 Rfxf2 46.Rg8+ Kf7 47.Rge8 Rfd2 48.d6 Rd1+ 49.Re1 Rxd6
50.Rc8 Rd3  0-1

[Event "IMSA Blitz 2016"]
[Site "Huai'an CHN"]
[Date "2016.02.29"]
[Round "12.5"]
[White "Sargissian,G"]
[Black "Ivanchuk,V"]
[Result "0-1"]
[WhiteElo "2702"]
[BlackElo "2710"]

1.d4 Nf6 2.c4 e6 3.Nf3 d5 4.g3 dxc4 5.Bg2 a6 6.O-O b5 7.Ne5 Nd5 8.e4 Nb4
9.Nc3 Nd7 10.Nxd7 Bxd7 11.e5 Bc6 12.Bxc6+ Nxc6 13.d5 exd5 14.Nxd5 Qd7 15.e6 fxe6
16.Qh5+ Kd8 17.Nf4 Kc8 18.a4 b4 19.Be3 Bd6 20.Rac1 Ne5 21.Bd4 Nc6 22.Be3 Ne5
23.Rfd1 Qc6 24.Nxe6 g6 25.Qh3 Kb7 26.Nd4 Qe4 27.Bf4 Nd3 28.Rxc4 Nxb2 29.Rxc7+ Bxc7
30.Qd7 Rac8 31.Ne6 Qc6 32.Nc5+ Qxc5 33.Rc1 Nc4 34.Qf7 Qf5 35.Qxc4 Bb6 36.Qxb4 Rxc1+
37.Bxc1 Qxf2+  0-1

[Event "IMSA Blitz 2016"]
[Site "Huai'an CHN"]
[Date "2016.02.29"]
[Round "19.1"]
[White "Ivanchuk,V"]
[Black "Li Chao2"]
[Result "1-0"]
[WhiteElo "2710"]
[BlackElo "2751"]

1.b4 e5 2.Bb2 d6 3.c4 g6 4.g3 Bg7 5.Bg2 Ne7 6.Nc3 O-O 7.e3 f5 8.Nge2 c6 9.b5 Be6
10.bxc6 bxc6 11.d3 Nd7 12.O-O Qa5 13.Qc2 Rab8 14.Rab1 Nc5 15.Ba1 e4 16.dxe4 Bxc4
17.Rxb8 Rxb8 18.exf5 Bd3 19.Qd1 gxf5 20.Re1 Bxe2 21.Qxe2 d5 22.Rc1 Qa3 23.Qd2 Nd3
24.Rd1 Nb2 25.Rc1 Nc4 26.Qc2 Kh8 27.Bf1 Ne5 28.Kg2 Qd6 29.Na4 N7g6 30.Bd4 Rg8
31.Qxf5 Rf8 32.Qh5  1-0

[Event "IMSA Blitz 2016"]
[Site "Huai'an CHN"]
[Date "2016.02.29"]
[Round "20.8"]
[White "Mamedov,Rau"]
[Black "Ivanchuk,V"]
[Result "1-0"]
[WhiteElo "2650"]
[BlackElo "2710"]

1.e4 e5 2.Nc3 d6 3.Nf3 Nf6 4.d4 Nbd7 5.Bc4 Be7 6.O-O O-O 7.a4 a5 8.Ba2 c6
9.Bg5 Qc7 10.Bh4 Re8 11.Qe2 exd4 12.Nxd4 Nc5 13.Qf3 Be6 14.Nxe6 fxe6 15.Bg3 Kh8
16.Qe2 e5 17.Kh1 Qb6 18.Rab1 Qb4 19.f3 Nxa4 20.Nd1 Nh5 21.Be1 Nf4 22.Qf2 Qc5
23.Ne3 g6 24.Bd2 Rf8 25.g3 Nh5 26.Qe2 Bg5 27.Rfd1 Nb6 28.Kg2 Rad8 29.Re1 Nd7
30.b4 axb4 31.Bxb4 Qxe3 32.Qxe3 Bxe3 33.Rxe3 Nc5 34.Rd1 Ra8 35.Bb3 Rfd8 36.Re2 Nxb3
37.cxb3 c5 38.Bc3 Kg8 39.Red2 Ra3 40.Bxe5 Rxb3 41.Rxd6 Re8 42.f4 c4 43.Rd7 Rb6
44.Rc7 Nf6 45.Bxf6 Rxf6 46.e5 Rb6 47.Rdd7 Rb2+ 48.Kh3 b5 49.Rg7+ Kh8 50.Rxh7+ Kg8
51.Kg4 c3 52.Rhg7+ Kh8 53.Rxg6 b4 54.Kg5 Rxh2 55.Rb6 Rg8+ 56.Kf5 Rh5+ 57.Ke4  1-0

[Event "IMSA Blitz 2016"]
[Site "Huai'an CHN"]
[Date "2016.03.01"]
[Round "21.2"]
[White "Ivanchuk,V"]
[Black "Ponomariov,R"]
[Result "1/2-1/2"]
[WhiteElo "2710"]
[BlackElo "2712"]

1.d4 d5 2.c4 dxc4 3.Nf3 a6 4.e3 b5 5.a4 Bb7 6.axb5 axb5 7.Rxa8 Bxa8 8.b3 e6
9.bxc4 bxc4 10.Bxc4 Nf6 11.O-O Nbd7 12.Nbd2 Be7 13.Bb2 O-O 14.Qe2 c5 15.Ra1 Qb6
16.Ba3 Re8 17.h3 Bxf3 18.Nxf3 cxd4 19.Bxe7 Rxe7 20.Ra8+ Re8 21.Rxe8+ Nxe8
22.Nxd4 Nef6 23.Qc2 g6 24.Be2 Qc5 25.Qxc5 Nxc5 26.g3 h5 27.Kg2 Kf8 28.Nf3 Ke7
29.Ne5 Nfd7 30.Nxd7 Nxd7 31.Kf1 Kd6 32.Ke1 Nc5 33.Kd2 Ne4+ 34.Ke1 Nc5 35.Kd2 Ne4+  1/2-1/2

[Event "IMSA Blitz 2016"]
[Site "Huai'an CHN"]
[Date "2016.03.01"]
[Round "22.7"]
[White "Movsesian,S"]
[Black "Ivanchuk,V"]
[Result "1-0"]
[WhiteElo "2653"]
[BlackElo "2710"]

1.e4 c5 2.Nf3 Nc6 3.Nc3 g6 4.d4 cxd4 5.Nxd4 Bg7 6.Nde2 d6 7.g3 Bg4 8.Bg2 Bxc3+
9.bxc3 Nf6 10.Bh6 Qa5 11.Bg7 Bxe2 12.Kxe2 Rg8 13.Bxf6 exf6 14.Qd2 O-O-O 15.Rhd1 Rge8
16.Kf1 Re5 17.Kg1 Rc5 18.Qh6 Qxc3 19.Qg7 Qe5 20.Qxf7 Qe7 21.Qb3 Kb8 22.Rab1 Rd7
23.h3 Na5 24.Qa4 Rdc7 25.Rd4 Nc6 26.Rd2 Ne5 27.Kh2 Rc4 28.Qb5 R4c5 29.Qe2 Rc3
30.Rb3 a6 31.f4 Nd7 32.Rb2 Ka7 33.Qf2+ R3c5 34.Qd4 Rc6 35.e5 fxe5 36.fxe5 Nxe5
37.Re2 Rc7 38.Qb4 Rb5 39.Qd4+ Rcc5 40.Rxb5 axb5 41.a4 bxa4 42.Qxa4+ Kb8 43.c3 Qc7
44.Ra2 Qb6 45.Qe8+ Rc8 46.Qa4 Nc6 47.Qa3 Qc5 48.Qb3 Rc7 49.Re2 Ne5 50.Rb2 Nc6
51.Qg8+ Ka7 52.Ra2+ Kb6 53.Qb3+ Qb5 54.Qa3 Qa5  1-0

[Event "IMSA Blitz 2016"]
[Site "Huai'an CHN"]
[Date "2016.03.01"]
[Round "23.3"]
[White "Ivanchuk,V"]
[Black "Wojtaszek,R"]
[Result "1-0"]
[WhiteElo "2710"]
[BlackElo "2727"]

1.d4 Nf6 2.c4 e6 3.Nc3 Bb4 4.Bg5 c5 5.d5 d6 6.e3 exd5 7.cxd5 Nbd7 8.Bb5 Qa5
9.Bxd7+ Nxd7 10.Ne2 f6 11.Bf4 Ne5 12.a3 Bxc3+ 13.Nxc3 O-O 14.O-O Bf5 15.e4 Bg6
16.Bxe5 fxe5 17.Qe2 Rac8 18.f3 c4 19.Qe3 Qc5 20.Qxc5 Rxc5 21.a4 Be8 22.Kf2 Bd7
23.Ke3 Kf7 24.f4 Ke7 25.f5 Rcc8 26.Rf3 g6 27.Raf1 Rf7 28.g4 gxf5 29.exf5 Rg8
30.h3 h5 31.gxh5 Rg5 32.f6+ Kf8 33.Ne4 Rxh5 34.Nxd6 Rfh7 35.Nxc4 Bxa4 36.Nd6 Bd7
37.Rc1 Rxh3 38.Rxh3 Bxh3 39.Rh1 Rd7 40.Ne4 Bf5 41.Rh8+ Kf7 42.Rb8 b6 43.Ra8 a5
44.Ra6 b5 45.Nd6+ Kxf6 46.Nxb5+ Kg5 47.Nc3 Rb7 48.Rxa5 Rxb2 49.d6 Rc2 50.Ne4+ Kg6
51.Rxe5 Rc8 52.Kd4 Rc1 53.Nc3 Rc2 54.Re3 Kf7 55.Ke5 Bd7 56.Ne4 Bc6 57.Rf3+ Ke8
58.Nf6+ Kd8 59.Rh3 Re2+ 60.Kf4 Re6 61.Rh8+ Be8 62.d7 Rxf6+ 63.Ke5 Kxd7 64.Kxf6 Kd8
65.Ke6  1-0

[Event "IMSA Blitz 2016"]
[Site "Huai'an CHN"]
[Date "2016.03.01"]
[Round "24.6"]
[White "Harikrishna,P"]
[Black "Ivanchuk,V"]
[Result "0-1"]
[WhiteElo "2753"]
[BlackElo "2710"]

1.e4 e5 2.Nf3 Nc6 3.Bb5 a6 4.Ba4 Nf6 5.O-O Be7 6.d3 d6 7.c3 O-O 8.Nbd2 Re8
9.Re1 Bf8 10.Nf1 h6 11.Ng3 b5 12.Bc2 d5 13.d4 dxe4 14.Nxe4 Bf5 15.Nxf6+ Qxf6
16.dxe5 Nxe5 17.Nxe5 Rxe5 18.Rxe5 Qxe5 19.Bxf5 Qxf5 20.Be3 Re8 21.a4 Bd6
22.axb5 axb5 23.Qf3 Qc2 24.g4 Qxb2 25.Ra8 Qb1+ 26.Kg2 Rxa8 27.Qxa8+ Kh7 28.Qd5 f6
29.h4 Be5 30.g5 hxg5 31.hxg5 Bxc3 32.f4 b4 33.f5 fxg5 34.Qf7 Qe4+ 35.Kf2 Bf6
36.Qxc7 Qxf5+ 37.Ke2 b3 38.Qh2+ Kg6 39.Qb8 Qc2+ 40.Kf3 g4+ 41.Kg3 Qd3 42.Qe8+ Kf5
43.Qc8+ Ke4 44.Kxg4  0-1

[Event "IMSA Blitz 2016"]
[Site "Huai'an CHN"]
[Date "2016.03.01"]
[Round "25.4"]
[White "Ivanchuk,V"]
[Black "Fressinet,L"]
[Result "1-0"]
[WhiteElo "2710"]
[BlackElo "2700"]

1.d4 Nf6 2.c4 e6 3.Nc3 Bb4 4.g3 O-O 5.Bg2 d5 6.a3 Bxc3+ 7.bxc3 dxc4 8.Nf3 Nc6
9.O-O Na5 10.Bg5 c6 11.e4 h6 12.Bh4 Qc7 13.Bxf6 gxf6 14.e5 fxe5 15.Nxe5 f6
16.Ng6 Rf7 17.Re1 Bd7 18.Qh5 Rh7 19.Qh4 Nb3 20.Rad1 Qd8 21.Bf1 b5 22.Nf4 f5
23.Nxe6 Qxh4 24.gxh4 Re8 25.Nf4 Rhe7 26.Re5 Rxe5 27.dxe5 Nc5 28.Rd6 Rxe5
29.Rxh6 Kg7 30.Rg6+ Kh7 31.Rd6 a5 32.h5 Re4 33.Ng6  1-0

[Event "IMSA Blitz 2016"]
[Site "Huai'an CHN"]
[Date "2016.03.01"]
[Round "28.4"]
[White "Navara,D"]
[Black "Ivanchuk,V"]
[Result "1/2-1/2"]
[WhiteElo "2734"]
[BlackElo "2710"]

1.d4 e6 2.e4 d5 3.Nd2 dxe4 4.Nxe4 Nd7 5.Nf3 Ngf6 6.Bd3 c5 7.O-O Nxe4 8.Bxe4 Nf6
9.Bg5 cxd4 10.Nxd4 Be7 11.Bf3 O-O 12.Re1 Qb6 13.Be3 Qxb2 14.Qd3 Nd5 15.Bxd5 exd5
16.Nb5 Bf5 17.Qxd5 Be6 18.Qxb7 Bf6 19.Rab1 Qxa2 20.Nc7 Rac8 21.Bc5 Rfd8 22.Nxe6 fxe6
23.Be7 Bxe7 24.Qxe7 Re8 25.Qd7 Qxc2 26.Rb7 Qc3 27.Rd1 Qf6 28.Rxa7 Red8 29.Rc7 Ra8
30.Ra7 Rac8 31.Rc7 Ra8 32.Ra7  1/2-1/2

[Event "IMSA Basque 2016"]
[Site "Huai'an CHN"]
[Date "2016.03.02"]
[Round "1.3"]
[White "Ivanchuk,V"]
[Black "Ding Liren"]
[Result "0-1"]
[WhiteElo "2710"]
[BlackElo "2766"]

1.e4 e5 2.Nf3 Nc6 3.Bb5 a6 4.Ba4 Nf6 5.d3 b5 6.Bb3 Bc5 7.c3 O-O 8.Bg5 h6
9.Bh4 d6 10.Nbd2 Be6 11.Qe2 Bb6 12.O-O-O Bxb3 13.axb3 a5 14.Kc2 b4 15.Ra1 Qe7
16.Nc4 Qe6 17.Bxf6 Qxf6 18.Rhd1 Qe6 19.Nh4 g6 20.g3 Rfd8 21.Ng2 d5 22.exd5 Qxd5
23.f4 exf4 24.Nxf4 Qb5 25.Rf1 a4 26.bxa4 Rxa4 27.Nxb6 cxb6 28.d4 Nxd4+ 29.cxd4 b3+
30.Kd2 Rdxd4+ 31.Nd3 Qa5+  0-1

[Event "IMSA Basque 2016"]
[Site "Huai'an CHN"]
[Date "2016.03.02"]
[Round "1.4"]
[White "Ding Liren"]
[Black "Ivanchuk,V"]
[Result "1/2-1/2"]
[WhiteElo "2766"]
[BlackElo "2710"]

1.d4 Nf6 2.c4 e6 3.Nf3 b6 4.g3 Ba6 5.b3 Bb7 6.Bg2 Bb4+ 7.Bd2 a5 8.O-O O-O
9.Bc3 Bxc3 10.Nxc3 Ne4 11.Rc1 d6 12.d5 Nxc3 13.Rxc3 Nd7 14.Nd4 e5 15.Nb5 f5
16.a3 Nf6 17.b4 Qd7 18.Qd3 axb4 19.axb4 Ba6 20.Rfc1 g6 21.e3 h5 22.e4 fxe4
23.Bxe4 Nxe4 24.Qxe4 Kh7 25.h4 Qf7 26.Qe3 Bxb5 27.cxb5 Ra7 28.R1c2 Qd7 29.Kg2 Rf7
30.Rc6 Qg4 31.R6c4 Qd7 32.Rc6 Qg4 33.R6c4 Qd7 34.Rc6 Qg4  1/2-1/2

[Event "IMSA Basque 2016"]
[Site "Huai'an CHN"]
[Date "2016.03.02"]
[Round "3.14"]
[White "Ivanchuk,V"]
[Black "Li Chao2"]
[Result "1-0"]
[WhiteElo "2710"]
[BlackElo "2751"]

1.e4 c5 2.Nf3 Nc6 3.d4 cxd4 4.Nxd4 e5 5.Nb5 a6 6.Nd6+ Bxd6 7.Qxd6 Qe7 8.Qd2 Nf6
9.f3 O-O 10.b3 b5 11.Bb2 Bb7 12.Nc3 Nd4 13.O-O-O Rfc8 14.Bd3 Qc5 15.Rhe1 a5
16.Ne2 Ne6 17.Ng3 Nd4 18.Kb1 a4 19.b4 Qb6 20.Bxd4 exd4 21.Nf5 a3 22.Bf1 Qe6
23.g4 g6 24.Nxd4 Qe5 25.Bxb5 Rab8 26.Ba4 Ba6 27.Bb3 Bc4 28.h4 Qe7 29.c3 Bxb3
30.axb3 Qe5 31.Ka2 d5 32.Qg5 Qc7 33.Qxf6 Qxc3 34.Re2 dxe4 35.Rc2 Qe3 36.Nc6 Re8
37.Nxb8 exf3 38.Nc6 Qe4 39.Rdd2  1-0

[Event "IMSA Basque 2016"]
[Site "Huai'an CHN"]
[Date "2016.03.03"]
[Round "4.3"]
[White "Ivanchuk,V"]
[Black "Navara,D"]
[Result "1-0"]
[WhiteElo "2710"]
[BlackElo "2734"]

1.c4 Nf6 2.Nc3 e5 3.Nf3 Nc6 4.d3 Bb4 5.Bd2 O-O 6.e3 Re8 7.Be2 Bxc3 8.Bxc3 d5
9.cxd5 Nxd5 10.Rc1 Bg4 11.O-O Qd6 12.Qa4 Qd7 13.Qb3 a5 14.a3 a4 15.Qc2 h6
16.Rfe1 Bf5 17.Nd2 Bg6 18.Ne4 b6 19.Bf3 Na5 20.Bxa5 Rxa5 21.Red1 Rd8 22.h4 Qe7
23.h5 Bf5 24.Ng3 Rc5 25.Nxf5 Qd7 26.Qb1 Rxc1 27.Rxc1 Qxf5 28.e4 Qd7 29.exd5  1-0

[Event "IMSA Basque 2016"]
[Site "Huai'an CHN"]
[Date "2016.03.03"]
[Round "4.4"]
[White "Navara,D"]
[Black "Ivanchuk,V"]
[Result "1-0"]
[WhiteElo "2734"]
[BlackElo "2710"]

1.d4 e6 2.c4 f5 3.g3 Nf6 4.Bg2 Bb4+ 5.Bd2 a5 6.Nf3 b6 7.Ne5 Ra7 8.Nc3 Bb7
9.d5 O-O 10.O-O Bxc3 11.Bxc3 d6 12.Nd3 e5 13.f4 e4 14.Ne1 Bc8 15.Nc2 Bd7
16.Nd4 Na6 17.Bh3 g6 18.b3 Nc5 19.a3 Qe7 20.Qc2 Rfa8 21.b4 Na4 22.Be1 axb4
23.axb4 b5 24.Nc6 Bxc6 25.dxc6 Qe6 26.cxb5 Nd5 27.Qb3 Kf7 28.Bg2 Nab6 29.Rxa7 Rxa7
30.Bc3 Nxc3 31.Qxc3 Qf6 32.Qb3+ d5 33.g4 fxg4 34.h3 Nc4 35.b6 Ra3 36.bxc7 Qxc6
37.Qd1 Ke6 38.f5+ gxf5 39.hxg4 Qxc7 40.gxf5+ Ke5 41.Qc1 Qa7+ 42.Kh1 Qe3 43.f6 Qxc1
44.Rxc1 Ra7 45.Rc3 Rf7 46.Rh3 Kxf6 47.Rh5 Ne3 48.Rh3 Nf5 49.Kg1 Rb7 50.Kf2 Kg5
51.Rb3 h5 52.Bh3 Nd4 53.Rb2 Kf6 54.e3 Nb5 55.Rc2 Nd6 56.Rb2 Ke5 57.Bf1 Rf7+
58.Kg1 Nf5 59.Rb3 h4 60.b5 d4 61.exd4+ Nxd4 62.Rb2 Nf3+ 63.Kg2 Kf4 64.b6 h3+
65.Kf2 h2 66.Bg2 e3+ 67.Ke2 Kg3 68.Bh1 Ne5 69.Rb3 Nd7 70.b7 Nb8 71.Rxe3+ Kg4
72.Re8 Na6 73.Ra8 Re7+ 74.Kd2 Rd7+ 75.Kc1  1-0

[Event "IMSA Basque 2016"]
[Site "Huai'an CHN"]
[Date "2016.03.03"]
[Round "5.7"]
[White "Wojtaszek,R"]
[Black "Ivanchuk,V"]
[Result "0-1"]
[WhiteElo "2727"]
[BlackElo "2710"]

1.d4 d5 2.c4 e6 3.Nc3 c6 4.e4 Bb4 5.Bd2 Ne7 6.a3 Ba5 7.b4 Bc7 8.Nf3 Nd7 9.Qc2 O-O
10.Bd3 dxc4 11.Bxc4 e5 12.Be3 exd4 13.Nxd4 Ne5 14.Be2 N7g6 15.Rd1 Qh4 16.Nf5 Bxf5
17.exf5 Ne7 18.Rd4 Qf6 19.g4 Bb6 20.Ne4 Qh4 21.Nc5 Nd5 22.Qd2 Rfe8 23.O-O Bc7
24.Rd1 Nxe3 25.fxe3 Rad8 26.Qe1 Qxe1+ 27.Rxe1 Rxd4 28.exd4 Nf3+ 29.Bxf3 Rxe1+
30.Kf2 Ra1 31.Nxb7 Rxa3 32.Bxc6 Kf8 33.h4 Ke7 34.b5 Bb6 35.Nc5 Rc3  0-1

[Event "IMSA Basque 2016"]
[Site "Huai'an CHN"]
[Date "2016.03.03"]
[Round "5.8"]
[White "Ivanchuk,V"]
[Black "Wojtaszek,R"]
[Result "0-1"]
[WhiteElo "2710"]
[BlackElo "2727"]

1.d4 Nf6 2.c4 e6 3.Nf3 d5 4.Nc3 Bb4 5.a3 Bxc3+ 6.bxc3 dxc4 7.e3 c5 8.Bxc4 Qc7
9.Be2 O-O 10.Bb2 b6 11.c4 cxd4 12.exd4 Nbd7 13.O-O Bb7 14.Re1 Rac8 15.Rc1 Rfd8
16.Bf1 Qf4 17.Qd2 Qd6 18.Qe2 Qf4 19.Rc3 Rc7 20.h3 Rdc8 21.Rec1 Ne4 22.R3c2 Nd6
23.Nd2 Nf5 24.Qg4 Qh6  0-1

[Event "Vladimir Petrov Mem 2016"]
[Site "Jurmala LAT"]
[Date "2016.03.05"]
[Round "1.1"]
[White "Molchanova,T"]
[Black "Ivanchuk,V"]
[Result "0-1"]
[WhiteElo "2245"]
[BlackElo "2710"]

1.e4 d6 2.g3 g6 3.Bg2 Bg7 4.d4 c5 5.Ne2 cxd4 6.Nxd4 Nc6 7.Be3 Nf6 8.h3 O-O
9.O-O Bd7 10.c4 Nxd4 11.Bxd4 Qc8 12.Kh2 Qxc4 13.Na3 Qxd4 14.Qxd4 Ng4+ 15.hxg4 Bxd4
16.Nc2 Bxb2 17.Rab1 Bf6  0-1

[Event "Vladimir Petrov Mem 2016"]
[Site "Jurmala LAT"]
[Date "2016.03.05"]
[Round "3.1"]
[White "Fier,A"]
[Black "Ivanchuk,V"]
[Result "1/2-1/2"]
[WhiteElo "2620"]
[BlackElo "2710"]

1.d4 Nf6 2.c4 e6 3.Nc3 Bb4 4.e3 c5 5.Ne2 cxd4 6.exd4 d5 7.a3 Be7 8.Nf4 dxc4
9.Bxc4 O-O 10.O-O Bd6 11.Be3 Qc7 12.Nb5 Qxc4 13.Nxd6 Qa6 14.Nxc8 Rxc8 15.d5 Rd8
16.Qb3 Nxd5 17.Rfd1 Nc6 18.Nxd5 exd5 19.Rxd5 Rxd5 20.Qxd5 Rd8 21.Qb3 Rd3
22.Qc2 Qb5 23.h3 Qd5 24.Re1 f6 25.Qe2 h5 26.Bg5 Qe5 27.Be3 Qd5 28.Bg5 Qe5
29.Be3 Qd5  1/2-1/2

[Event "Vladimir Petrov Mem 2016"]
[Site "Jurmala LAT"]
[Date "2016.03.05"]
[Round "4.5"]
[White "Ivanchuk,V"]
[Black "Aleksandrov,A"]
[Result "1-0"]
[WhiteElo "2710"]
[BlackElo "2586"]

1.c4 e6 2.Nc3 d5 3.d4 Nf6 4.Bg5 Be7 5.e3 O-O 6.Rc1 c6 7.Nf3 Ne4 8.Bf4 Nd7
9.h3 Qa5 10.Qb3 Ndf6 11.Bd3 c5 12.O-O cxd4 13.exd4 dxc4 14.Bxc4 Nxc3 15.bxc3 Nd5
16.Bg3 Rd8 17.Rfe1 Ba3 18.Rc2 Bf8 19.Bf1 b6 20.Ne5 Bd7 21.Nxd7 Rxd7 22.Rd1 Rc8
23.c4 Ne7 24.Bf4 Rcd8 25.Rcd2 Ng6 26.Be3 Ne7 27.Bd3 Nf5 28.Bxf5 Qxf5 29.a4 g6
30.Qb5 Bg7 31.Qxf5 gxf5 32.d5 Rc8 33.dxe6 Rxd2 34.exf7+ Kxf7 35.Rxd2 Ke6
36.Rc2 Rd8 37.c5 Rc8 38.Re2 bxc5 39.Bxc5+ Kf7 40.Bxa7 Ra8 41.Bc5 Rxa4 42.Re7+ Kg6
43.Rd7 h5 44.g3 Rc4 45.Be3 Ra4 46.Kg2 Rc4 47.Kf3 Ra4 48.h4 Rc4 49.Ke2 Ra4
50.Kd3 Bf6 51.Rd6 Kf7 52.Bg5 Bg7 53.Rb6 Rd4+ 54.Ke2 Re4+ 55.Kf3 Ra4 56.Bd2 Bf6
57.Bb4 Ra2 58.Rc6 Ra4 59.Bd2 Kg7 60.Bg5 Bxg5 61.hxg5 Rg4 62.Re6 Rxg5 63.Kf4 Rg4+
64.Kxf5 Kh7 65.Ra6 Rg8 66.Kf4 Rf8+ 67.Ke3 Re8+ 68.Kf3 Rf8+ 69.Kg2 Kg7 70.f3 Rf5
71.Ra3 Rc5 72.Kh3 Rc4 73.f4 Rc5 74.Kh4 Kg6 75.Ra6+ Kg7 76.Re6  1-0

[Event "Vladimir Petrov Mem 2016"]
[Site "Jurmala LAT"]
[Date "2016.03.05"]
[Round "5.2"]
[White "Fedorov,Alex"]
[Black "Ivanchuk,V"]
[Result "1-0"]
[WhiteElo "2561"]
[BlackElo "2710"]

1.e4 d6 2.d4 Nf6 3.f3 g6 4.c4 Bg7 5.Ne2 O-O 6.Be3 c6 7.Na3 Nbd7 8.Qd2 Re8
9.g4 c5 10.O-O-O cxd4 11.Nxd4 Ne5 12.g5 Nh5 13.Be2 Bd7 14.Rhg1 Rc8 15.Kb1 Nc6
16.Nac2 Nxd4 17.Nxd4 a6 18.Nb3 Be6 19.Rc1 f5 20.gxf6 Nxf6 21.Nd4 Bd7 22.Nf5 gxf5
23.Bh6 Ng4 24.Qg5  1-0